INTERNATIONAL CLASSIFICATION (Record no. 6875)

MARC details
000 -LEADER
fixed length control field 00417nam a2200133Ia 4500
022 ## - INTERNATIONAL STANDARD SERIAL NUMBER
ISSN 0340-0050
245 #0 - TITLE STATEMENT
Title INTERNATIONAL CLASSIFICATION
260 ## - PUBLICATION, DISTRIBUTION, ETC. (IMPRINT)
Name of publisher International Federation for Documentation, Frankfurt, Germany
Place of publication Germany
500 ## - GENERAL NOTE
General note Ending Volume & Year: 15, 1988
500 ## - GENERAL NOTE
General note Missing Volume: 44783
500 ## - GENERAL NOTE
General note Starting Volume & Year: 3, 1976
942 ## - ADDED ENTRY ELEMENTS (KOHA)
Koha item type Bound Journal
Holdings
Withdrawn status Lost status Damaged status Not for loan Home library Current library Date acquired Accession Number Koha item type
      Bound journals RRII Library RRII Library 31/12/2021 06839J Bound Journal